000 00309nam a2200121Ia 4500
008 191201s1999 xx 000 0 und d
100 _aLEON, Alexis
245 0 _aFundamentals of information technology
250 _a2nd
260 _c1999
_bLeon Press Chennai
_aNEW DELHI
300 _a578
942 _2ddc
_cBK
_01
999 _c8068
_d8068